Les Grands Événements du Moyen-Âge (Partie 1) - Statistiques

Statistiques générales
  • Ce quiz a été pris 166 fois
  • Le résultat moyen est 7 sur 15
Statistiques - réponses
Hint Réponse % Correct
800 Charlemagne est couronné Empereur d'Occident
81%
511 Mort de Clovis Ier
69%
875 75 ans exactement après le couronnement de Charlemagne,Charles le Chauve est sacré Empereur d'Occident.
63%
987 Hugues Capet est sacré Roi des Francs
57%
732 Bataille de Poitiers
56%
629 Début du Règne de Dagobert Ier
53%
843 Traité de Verdun
44%
751 Déposition de Childéric III par Pépin le Bref
43%
816 Louis Ier le Pieux devient le premier Roi des Francs à être sacré à Reims
39%
715 Naissance de Pépin le Bref
37%
885 Eudes,fils de Robert le Fort,repousse les Vikings au Siège de Paris
33%
778 Bataille de Roncevaux
28%
866 Robert le Fort,Comte de Paris,meurt en combattant les Vikings
28%
911 Traité de Saint-Clair-sur-Epte
21%
870 Traité de Meerseen
18%
Aucun quiz correspondant
Distribution des résultats
% des personnes avec chaque résultat
Percentile par nombre de réponses
Votre historique - résultats
Vous n’avez pas pris ce quiz